00497 2200205 4500001002100000005001500021008004100036020002200077035001900099041000700118082000800125090001400133100002500147245002500172250001200197260003600209300002500245500001000270650001100280INLIS00000000000151520241224112350241224||||||||| | ||| |||| || |  a978-979-665-610-9 0010-1224001515 aid0 a408 a408 HEN p0 aHenry Guntur Tarigan00aPengajaran Sintaksis aEd. Rev aBandungbPenerbit Angkasac2009 avi + 178 hlm.;21 cm. aCet.1 0aBahasa